000 00500nam a2200205Ia 4500
008 240510s9999 xx 000 0 und d
020 _a0009812403949
041 _aEng
082 _a006.33
082 _bG31
100 _aGiarratano J. & Riley G.
245 0 _aExpert Systems Principles and Programming
250 _a3rd ed.
260 _bVikas Pub. :Canada
260 _c1998
300 _a597 p.
650 _aExpert Systems ; Knowledge Base Systems
942 _2ddc
942 _cLBK
999 _c26976
_d26976
945 _a1
_bMadushi Gamage
_c1
_dMadushi Gamage